1956 1695 1550 1685 1311 1794 1732 1704 1691 1069 1541 1381 1273 1034 1158 1321 1863 1248 1135 1669 1689 1773 1901 1608 1247 1877 1488 1350 1435 1401 1356 1708 1738 1630 1890 1319 1761 2000 1568 1252 1284 1604 1386 1533 1338 1416 1657 1914 1080 1267 1842 1548 1678 1264 1154 1061 1646 1211 1619 1855 1680 1652 1394 1730 1108 1444 1583 1553 1540 1507 1334 1133 1233 1012 1089 1809 1136 1105 1025 1005 1833 1084 1442 1677 1454 1677 1753 1768 1156 1838 1647 1015 1107 1314 1956 1266 1770 1203 1988 BCNSPRNW ULIB Ver.6.0+V

เปลี่ยนเป็นภาษาไทย

Change to English
 แสดงรายละเอียดบรรณานุกรม
  กลับหน้าหลัก

Brief Record : Get Marc (ISO 2709) : E-mail record : QR code < ปิดหน้าต่าง
LEADER : 00000nam 2200000uu 4500
001    13399114107
003     ULIB
008    110219s||||||||th 000 0 tha d
099    วจ.QT255^bป478ป
100 0  ปริทรรศน์ วันจันทร์
245 00 ปัจจัยที่มีอิทธิพลต่อพฤติกรรมการออกกำลังกายของนักเรียนชั้นมัธยมศึกษาตอนปลาย/^cปริทรรศน์ วันจันทร์ และ สุดกัญญา ปานเจริญ
260    นครสวรรค์:^bวิทยาลัยพยาบาลบรมราชชนนีสวรรค์ประชารักษ์,^c2548
300    88 หน้า
650  7 การออกกำลังกาย^xวิจัย
700 0  สุดกัญญา ปานเจริญ
710 2  วิทยาลัยพยาบาลบรมราชชนนีสวรรค์ประชารักษ์ นครสวรรค์
945    ^p0^l0^i030995
945    ^p0^l0^i033582
995    ทศพร
999 ^a ใช้งานได้ทุกระบบ
รายการนี้ยังไม่มีแท็ก
คุณยังไม่ได้ล็อกอิน คุณสามารถมีกิจกรรมร่วมกับเว็บไซต์ได้ แต่ต้องล็อกอินก่อน ::
  ล็อกอิน

รายการสื่อสารสนเทศ

ลำดับที่ ประเภท เลขเรียก/บาร์โค้ด สถานที่ สถานะ
1. งานวิจัย
งานวิจัย
วจ.QT255 ป478ป ฉ.1 
  Barcode: 030995
ห้องสมุดวิทยาเขตสวรรค์ประชารักษ์
►วิจัย
บนชั้น
2. งานวิจัย
งานวิจัย
วจ.QT255 ป478ป ฉ.2 
  Barcode: 033582
ห้องสมุดวิทยาเขตสวรรค์ประชารักษ์
►วิจัย
บนชั้น

รายการใกล้เคียง
    ผู้แต่ง [ปริทรรศน์ วันจันทร์]

BibComment


ยังไม่เคยถูกคอมเมนท์

คอมเมนท์ทรัพยากรรายการนี้
  คอมเมนท์: ปัจจัยที่มีอิทธิพ..


 Copyright 2026. Bcnsprnw @Library